ইহুদি ও খ্রিষ্টান জাতির ইতিহাস / (Record no. 12374)
[ view plain ]
| 000 -LEADER | |
|---|---|
| fixed length control field | 01064nam a2200241 a 4500 |
| 001 - CONTROL NUMBER | |
| JCCL Control Number | 12374 |
| 003 - CONTROL NUMBER IDENTIFIER | |
| JCCL marc code | BD-JhCC |
| 005 - DATE AND TIME OF LATEST TRANSACTION | |
| control field | 20220825134022.0 |
| 008 - FIXED-LENGTH DATA ELEMENTS--GENERAL INFORMATION | |
| fixed length control field | 210605s20212020bg |||| |||| 000 0 ben d |
| 020 ## - INTERNATIONAL STANDARD BOOK NUMBER | |
| International Standard Book Number | 9789849522201 |
| 035 ## - SYSTEM CONTROL NUMBER | |
| system control number | (BD-JhCC)12374 |
| 040 ## - CATALOGING SOURCE | |
| Original cataloging agency | BD-JhCC |
| Modifying agency | BD-JhCC |
| 041 ## - LANGUAGE CODE | |
| Language code of Book | Bangali |
| 082 ## - DEWEY DECIMAL CLASSIFICATION NUMBER | |
| Classification number | 909.04924 |
| Author mark and Year | AZM 2021 |
| 100 ## - MAIN ENTRY--PERSONAL NAME | |
| Personal name | আজমি, ড. মুহাম্মদ জিয়াউর রহমান |
| 245 ## - TITLE STATEMENT | |
| Title | ইহুদি ও খ্রিষ্টান জাতির ইতিহাস / |
| Statement of responsibility, etc | ড. মুহাম্মদ জিয়াউর রহমান আজমি, অনু. মুহাম্মাদ রোকন উদ্দিন |
| 260 ## - PUBLICATION, DISTRIBUTION, ETC. (IMPRINT) | |
| Place of publication, distribution, etc | ঢাকা : |
| Name of publisher, distributor, etc | মুহাম্মদ পাবলিকেশন, |
| Date of publication, distribution, etc | ২০২১। |
| 300 ## - PHYSICAL DESCRIPTION | |
| Pagination | ৫০৪ পৃ. : |
| Dimensions | ২০ সেমি. |
| 504 ## - BIBLIOGRAPHY, ETC. NOTE | |
| Bibliography, etc | গ্রন্থপঞ্জি অন্তভূক্ত। |
| 650 ## - SUBJECT ADDED ENTRY--TOPICAL TERM | |
| Topical term or geographic name as entry element | Jews -- History. |
| 700 ## - ADDED ENTRY--PERSONAL NAME | |
| Personal name | উদ্দিন, মুহাম্মাদ রোকন |
| 942 ## - ADDED ENTRY ELEMENTS (KOHA) | |
| Source of classification or shelving scheme | Dewey Decimal Classification |
| Koha item type | Books |
| Koha issues (borrowed), all copies | 5 |
| Source of classification or shelving scheme | Damaged status | Not for loan | Home library | Current library | Shelving location | Date of accession | Cost, normal purchase price | Total Checkouts | Full call number | Barcode | Date last seen | Date checked out | Copy number | Koha item type |
|---|---|---|---|---|---|---|---|---|---|---|---|---|---|---|
| Dewey Decimal Classification | JCC Rouf Library | JCC Rouf Library | General Stacks | 06/01/210 | 450.00 | 6 | 909.04924 AZM 2021 | 16653 | 09/29/2024 | 09/23/2024 | C-1 | Books | ||
| Dewey Decimal Classification | JCC Rouf Library | JCC Rouf Library | General Stacks | 06/13/2021 | 450.00 | 8 | 909.04924 AZM 2021 | 17012 | 09/04/2025 | 04/27/2025 | C-2 | Books |